00639nam a2200181 a 4500008004100000020001800041050001400059100002200073245014700095250001200242260005300254300002200307650002800329650002800357650002500385700002000410700002700430130731s2009 ||||||||||||||||| || u a9780443102844 aQR 46 WAR aWard, Katherine N10aNotes on medical microbiology: including virology and parasitology. (2nd ed.)cby Katherine N. Ward, A. Christine McCartney and Bishan Thakker a2nd ed. aEdinburgh:bChurchill Livingstone/Elsevierc2009 aviii, 597p.: ill. aMICROBIOLOGY--HANDBOOKS aPARASITOLOGY--HANDBOOKS 0aMEDICAL MICROBIOLOGY aThakker, Bishan aMcCartney, Christine A